00604nam a2200157 i 4500001000700000003000900007005001700016008004100033100003800074245007500112260009800187300002100285650003900306650002600345852007500371160573ES-MaACL20231228063238.0990205s1898 sp |||| | spa d1 aNavarro y Ledesma, F.,d1869-190510aPrograma de literatura preceptiva / cpor Francisco Navarro y Ledesma. aMadrid : b[s.n.], c1898 (fEstab. tip. de La Revista Moderna, a cargo de Vicente Guillén) a23 p. ; c21 cm. 4aLiteratura-vProgramas de estudio. 4aPreceptiva literaria. aES-MaACLjB-1995(2) z- Enc. pasta española z. - Donativo del autor